Windows 95 : guía visual /
Guardado en:
| Formato: | Libro |
|---|---|
| Publicado: |
San José, C.r. :
Marangraphics,
1994
|
| Series: | Serie 3d visual
|
| Materias: | |
| Etiquetas: |
Agregar Etiqueta
Sin Etiquetas, Sea el primero en etiquetar este registro!
|
| LEADER | 00841nam a22002175a 4500 | ||
|---|---|---|---|
| 001 | CEM.cems009496 | ||
| 005 | 20080903092724.0 | ||
| 008 | 130507s1994##################000#0#####d | ||
| 003 | CEMS | ||
| 020 | |a 997754056X | ||
| 082 | 0 | 4 | |a 001.6425 |
| 245 | 0 | 0 | |a Windows 95 : |b guía visual / |
| 260 | |a San José, C.r. : |b Marangraphics, |c 1994 | ||
| 300 | |a 211 p. | ||
| 490 | 0 | |a Serie 3d visual | |
| 505 | 0 | |a Fundamentos de Windows -- Wordpad -- Paint -- Ver del contenido de la computadora -- Trabajo con archivos y carpetas -- Usando Windows Explorer -- Configurar Windows -- Fax -- La red de Microsoft -- Correo electrónico -- Mantenimiento de la computadora -- Copias de seguridad | |
| 653 | |a Informática | ||
| 653 | |a Computación | ||
| 653 | |a Software | ||
| 653 | |a Windows 95 | ||
| 859 | |a CEMS |b BIB. CEMS - 11 de abril |h 001.6425 |i M325 |p 19280.97 |t Ej.1 | ||
